[Event "CHN-ch Gp-B"]
[Site "Liaocheng"]
[Date "2024.04.25"]
[Round "10"]
[White "Jiang, Haochen"]
[Black "Yang, Zilong"]
[Result "1-0"]
[WhiteElo "2381"]
[BlackElo "1918"]
[PlyCount "74"]
[EventDate "2024.04.21"]
[EventType "swiss"]
[EventRounds "11"]
[EventCountry "CHN"]
[SourceTitle "CB18_2024"]
[SourceDate "2024.05.01"]
[SourceVersion "1"]
[SourceVersionDate "2024.05.01"]
[SourceQuality "2"]

1. d4 Nf6 2. c4 e6 3. Nc3 c5 4. e3 cxd4 5. exd4 d5 6. Nf3 Nc6 7. c5 Be7 8. a3 0-0 9. b4 Ne4 10. Bb2 Bf6 11. b5 Ne7 12. Bd3 Nxc3 13. Bxc3 Ng6 14. 0-0 Bd7 15. Re1 Re8 16. g3 Qc7 17. Rc1 Rac8 18. a4 Be7 19. h4 Red8 20. Bd2 Be8 21. h5 Nf8 22. Bf4 Qa5 23. Nd2 e5 24. Nb3 Qc7 25. Rxe5 Qd7 26. Bf5 Ne6 27. Qg4 Kh8 28. Rxe6 fxe6 29. Bxe6 Bxh5 30. Bxd7 Bxg4 31. Bxg4 Ra8 32. c6 bxc6 33. bxc6 h5 34. Bh3 Ba3 35. Rc2 Bd6 36. Bxd6 Rxd6 37. c7 Re8 1-0

[Event "CHN-ch Gp-B"]
[Site "Liaocheng"]
[Date "2024.04.22"]
[Round "3"]
[White "Jin, Hongtao"]
[Black "Jiang, Haochen"]
[Result "0-1"]
[WhiteElo "1903"]
[BlackElo "2381"]
[PlyCount "96"]
[EventDate "2024.04.21"]
[EventType "swiss"]
[EventRounds "11"]
[EventCountry "CHN"]
[SourceTitle "CB18_2024"]
[SourceDate "2024.05.01"]
[SourceVersion "1"]
[SourceVersionDate "2024.05.01"]
[SourceQuality "2"]

1. d4 Nf6 2. Nf3 g6 3. g3 Bg7 4. Bg2 d5 5. 0-0 0-0 6. c4 Nc6 7. b3 dxc4 8. bxc4 e5 9. Bb2 e4 10. Ne5 Nxe5 11. dxe5 Ng4 12. Bxe4 Nxe5 13. Nd2 c6 14. Qc2 Re8 15. Rfd1 Qe7 16. Rab1 Bg4 17. Bxe5 Bxe5 18. Bf3 Bf5 19. Be4 Be6 20. Nb3 a5 21. Nd4 Bh3 22. Bg2 Bg4 23. Bf3 h5 24. e3 Rad8 25. Bxg4 hxg4 26. Qe4 f5 27. Nxf5 gxf5 28. Qxf5 Qg7 29. Rxd8 Rxd8 30. Rxb7 Qxb7 31. Qg5+ Kf7 32. Qxd8 Qb1+ 33. Kg2 Qe4+ 34. Kg1 Qxc4 35. Qxa5 Ke6 36. Qd8 Qe4 37. Qg8+ Kd6 38. a3 Kc5 39. Qe6 Kb5 40. Qb3+ Ka5 41. Kf1 c5 42. Ke1 Qa4 43. Qd3 Qb5 44. Qc2 c4 45. Qe4 Ka4 46. Qxg4 Qb1+ 47. Kd2 Qd3+ 48. Kc1 Kxa3 0-1

[Event "CHN-chT"]
[Site "Qingdao"]
[Date "2024.04.04"]
[Round "3.4"]
[White "Gao, Kai"]
[Black "Jiang, Haochen"]
[Result "1-0"]
[WhiteElo "1896"]
[BlackElo "2381"]
[PlyCount "59"]
[EventDate "2024.04.02"]
[EventType "team-swiss"]
[EventRounds "9"]
[EventCountry "CHN"]
[SourceTitle "CB16_2024"]
[SourceDate "2024.04.17"]
[SourceVersion "1"]
[SourceVersionDate "2024.04.17"]
[SourceQuality "1"]
[WhiteTeam "Zhejiang"]
[BlackTeam "Shenzhen"]
[WhiteTeamCountry "CHN"]
[BlackTeamCountry "CHN"]

1. e4 c5 2. Nf3 d6 3. d4 cxd4 4. Nxd4 Nf6 5. Nc3 Nc6 6. Be2 g6 7. Be3 Bg7 8. Qd2 0-0 9. f3 Bd7 10. 0-0-0 Rc8 11. g4 Ne5 12. h4 Nc4 13. Bxc4 Rxc4 14. h5 Qa5 15. Nb3 Qa6 16. Bh6 Rfc8 17. Bxg7 Kxg7 18. hxg6 fxg6 19. Qh6+ Kf7 20. g5 Ne8 21. Qxh7+ Ng7 22. Rh6 d5 23. Rxd5 R8c7 24. Rh4 Qb6 25. Rf4+ Bf5 26. Rfxf5+ gxf5 27. Rxf5+ Ke6 28. Qg8+ Kd7 29. Rd5+ Kc6 30. Na5+ 1-0

[Event "CHN-ch U14"]
[Site "Shanghai"]
[Date "2024.02.21"]
[Round "11"]
[White "Jiang, Haochen"]
[Black "Song, Tianrui"]
[Result "1-0"]
[WhiteElo "2294"]
[BlackElo "1732"]
[PlyCount "61"]
[EventDate "2024.02.16"]
[EventType "swiss"]
[EventRounds "11"]
[EventCountry "CHN"]
[SourceTitle "CB09_2024"]
[SourceDate "2024.02.28"]
[SourceVersion "1"]
[SourceVersionDate "2024.02.28"]
[SourceQuality "1"]

1. d4 d5 2. Nf3 Nf6 3. Bf4 c5 4. e3 Nc6 5. Nbd2 cxd4 6. exd4 Bg4 7. c3 e6 8. Qb3 Qc8 9. Ne5 Bf5 10. Ndf3 Nd7 11. Bb5 f6 12. Nxc6 bxc6 13. Be2 g5 14. Bg3 Bg7 15. h4 h6 16. hxg5 hxg5 17. Rxh8+ Bxh8 18. Rc1 Qd8 19. Qb7 Kf7 20. Ba6 e5 21. dxe5 fxe5 22. Qxc6 Be6 23. c4 d4 24. c5 Rb8 25. Bc4 Bxc4 26. Rxc4 Rxb2 27. Ra4 a5 28. Qd5+ Kg6 29. Bxe5 Qe7 30. Qg8+ Kf5 31. Nxd4+ 1-0

[Event "Paracin Prestige op"]
[Site "Paracin"]
[Date "2024.01.20"]
[Round "7"]
[White "Jiang, Haochen"]
[Black "Isanzhulov, Arystan"]
[Result "1/2-1/2"]
[WhiteElo "2117"]
[BlackElo "2414"]
[PlyCount "56"]
[EventDate "2024.01.15"]
[EventType "swiss"]
[EventRounds "9"]
[EventCountry "SRB"]
[SourceTitle "CB05_2024"]
[SourceDate "2024.01.31"]
[SourceVersion "1"]
[SourceVersionDate "2024.01.31"]
[SourceQuality "1"]

1. e4 e6 2. d4 d5 3. Nd2 c5 4. Ngf3 cxd4 5. exd5 Qxd5 6. Bc4 Qd7 7. 0-0 Nc6 8. Nb3 Nf6 9. Nbxd4 Nxd4 10. Qxd4 Qxd4 11. Nxd4 Bd7 12. Be2 Rc8 13. c3 Bc5 14. Rd1 e5 15. Nb3 Bb6 16. Kf1 Be6 17. Bg5 Ne4 18. Bb5+ Kf8 19. Bh4 g5 20. Bg3 Nxg3+ 21. hxg3 Ke7 22. Nd2 h5 23. Ne4 h4 24. gxh4 a6 25. Bd3 gxh4 26. Ng5 h3 27. Nxh3 Rcg8 28. Be4 Rh4 1/2-1/2

[Event "Belt and Road op 3rd"]
[Site "Qinhuangdao"]
[Date "2023.11.24"]
[Round "9"]
[White "Wang, Shixu B"]
[Black "Jiang, Haochen"]
[Result "1-0"]
[WhiteElo "2409"]
[BlackElo "2037"]
[PlyCount "105"]
[EventDate "2023.11.19"]
[EventType "swiss"]
[EventRounds "9"]
[EventCountry "CHN"]
[SourceTitle "CB48_2023"]
[SourceDate "2023.11.29"]
[SourceVersion "1"]
[SourceVersionDate "2023.11.29"]
[SourceQuality "1"]

1. c4 e6 2. Nc3 d5 3. d4 Nf6 4. cxd5 exd5 5. Bg5 c6 6. e3 Be7 7. Bd3 0-0 8. Nf3 Nbd7 9. 0-0 h6 10. Bf4 Nh5 11. Be5 Nxe5 12. dxe5 g6 13. h3 Ng7 14. Qc2 Be6 15. Nd4 Qc8 16. Rad1 Rd8 17. Be2 c5 18. Nxe6 Qxe6 19. Qb3 d4 20. Bc4 Qxe5 21. exd4 cxd4 22. Rfe1 Qc5 23. Bxf7+ Kh7 24. Nd5 Bg5 25. Qd3 Rxd5 26. Qxg6+ Kh8 27. Bxd5 Qxd5 28. h4 Bf4 29. Re4 Qd6 30. h5 Rf8 31. Rdxd4 Qxg6 32. hxg6 Bc7 33. Rd7 Bb6 34. Rf7 Rc8 35. Kh2 Kg8 36. f4 Ne8 37. Re6 Bd4 38. Rxb7 Ng7 39. Re4 Bf6 40. g4 Ne8 41. Re6 Bg7 42. Ree7 Bf8 43. Re6 Bg7 44. Kg3 Rd8 45. b4 Bd4 46. a4 Ng7 47. Ree7 Rc8 48. Rbc7 Rb8 49. b5 Ne8 50. Rcd7 Bc5 51. Re5 Bb6 52. Re6 Ng7 53. Rc6 1-0

[Event "Belt and Road op 3rd"]
[Site "Qinhuangdao"]
[Date "2023.11.21"]
[Round "4"]
[White "Jiang, Haochen"]
[Black "Atabayev, Maksat"]
[Result "1-0"]
[WhiteElo "2037"]
[BlackElo "2437"]
[PlyCount "55"]
[EventDate "2023.11.19"]
[EventType "swiss"]
[EventRounds "9"]
[EventCountry "CHN"]
[SourceTitle "CB48_2023"]
[SourceDate "2023.11.29"]
[SourceVersion "1"]
[SourceVersionDate "2023.11.29"]
[SourceQuality "1"]

1. Nf3 c5 2. g3 Nc6 3. Bg2 g6 4. 0-0 Bg7 5. c3 e5 6. d4 cxd4 7. cxd4 exd4 8. Na3 d5 9. Nb5 a6 10. Nbxd4 Nge7 11. b3 0-0 12. Bb2 Qd6 13. Qd2 Re8 14. Rac1 Bd7 15. Rfd1 Na7 16. Ne1 Rac8 17. Rxc8 Rxc8 18. Nec2 Nac6 19. Ne3 Rd8 20. Nxc6 bxc6 21. Qa5 Ra8 22. Nc4 Qe6 23. Nb6 Ra7 24. Ba3 Be5 25. Qc5 Rb7 26. e4 d4 27. Nc4 Bf6 28. e5 1-0

[Event "Daqing Boyi Cup-A"]
[Site "Daqing"]
[Date "2023.08.17"]
[Round "9"]
[White "Jiang, Haochen"]
[Black "Chen, Zimu"]
[Result "1-0"]
[WhiteElo "2018"]
[BlackElo "1899"]
[PlyCount "137"]
[EventDate "2023.08.13"]
[EventType "swiss"]
[EventRounds "9"]
[EventCountry "CHN"]
[SourceTitle "EXT 2024"]
[Source "ChessBase"]
[SourceDate "2023.10.10"]
[SourceVersion "1"]
[SourceVersionDate "2023.10.10"]
[SourceQuality "1"]

1. e4 d6 2. d4 Nf6 3. Nc3 e5 4. Nf3 Nc6 5. Bb5 exd4 6. Nxd4 Bd7 7. Bxc6 bxc6 8. Qf3 Rb8 9. 0-0 Be7 10. h3 0-0 11. b3 Re8 12. Bb2 g6 13. e5 dxe5 14. Nxc6 Bxc6 15. Qxc6 Rb6 16. Qf3 Qc8 17. Rad1 Re6 18. Nd5 Nxd5 19. Rxd5 e4 20. Qe3 c6 21. Rd2 Bf6 22. Bxf6 Rxf6 23. Qxa7 Qf5 24. Qe3 Kg7 25. Rfd1 Ree6 26. Rd4 h5 27. R1d2 Qe5 28. Re2 Rf4 29. g3 Rf3 30. Qxf3 Qxd4 31. Qe3 Qe5 32. Kg2 h4 33. Qf4 Qxf4 34. gxf4 Kf6 35. a4 c5 36. c3 Rb6 37. Rb2 Ke6 38. b4 cxb4 39. cxb4 Kd6 40. a5 Rb5 41. f3 e3 42. Kf1 Kc6 43. Ke2 Kb7 44. Kxe3 Ka6 45. Ke4 f6 46. Ke3 Kb7 47. Rg2 Rxb4 48. Rxg6 Rb3+ 49. Ke4 f5+ 50. Kxf5 Rxf3 51. Rb6+ Kc7 52. Kg4 Ra3 53. Rb5 Kc6 54. Rf5 Kd6 55. Kxh4 Ke6 56. Kg4 Ra1 57. Rb5 Rg1+ 58. Kh5 Rg3 59. a6 Rxh3+ 60. Kg6 Rg3+ 61. Rg5 Ra3 62. f5+ Kd7 63. f6 Rxa6 64. Kg7 Ke6 65. f7 Ra7 66. Rg6+ Kf5 67. Rf6+ Kg5 68. Rf1 Rb7 69. Kg8 1-0

[Event "CHN-ch sf"]
[Site "Hefei"]
[Date "2023.04.27"]
[Round "10"]
[White "Jiang, Haochen"]
[Black "Chen, Hongsen"]
[Result "1/2-1/2"]
[WhiteElo "1523"]
[BlackElo "2002"]
[PlyCount "302"]
[EventDate "2023.04.23"]
[EventType "swiss"]
[EventRounds "11"]
[EventCountry "CHN"]
[SourceTitle "CBM 214 Extra"]
[Source "ChessBase"]
[SourceDate "2023.07.31"]
[SourceVersion "1"]
[SourceVersionDate "2023.07.31"]
[SourceQuality "1"]

1. d4 Nf6 2. c4 e6 3. Nc3 d5 4. cxd5 exd5 5. Bg5 c6 6. e3 Be7 7. Bd3 0-0 8. Nge2 Nbd7 9. Ng3 Re8 10. Nf5 Bf8 11. Qf3 h6 12. Bh4 g6 13. Qg3 Nb6 14. 0-0 Kh7 15. Bxf6 Qxf6 16. Qh4 Qe6 17. Ng3 Kg7 18. Qf4 h5 19. e4 dxe4 20. Ngxe4 Qf5 21. Qd2 Qa5 22. a3 Nd5 23. b4 Qd8 24. Bc4 Nxc3 25. Nxc3 Bd6 26. Rfe1 Bf5 27. Rxe8 Qxe8 28. Re1 Qb8 29. g3 a5 30. Ne4 axb4 31. axb4 b5 32. Bb3 Be7 33. d5 Qe5 34. f4 Qc7 35. Qd4+ f6 36. d6 Qd7 37. Rd1 Bxe4 38. dxe7 Qxe7 39. Re1 Re8 40. Bc2 Bxc2 41. Rxe7+ Rxe7 42. Qc5 Re2 43. Qxc6 Ba4 44. Qd7+ Kh6 45. Qf7 f5 46. Qg8 Re7 47. Kf2 Rg7 48. Qh8+ Rh7 49. Qf8+ Rg7 50. Ke3 Kh7 51. Kd4 Rg8 52. Qf7+ Rg7 53. Qe8 Rg8 54. Qc6 Rf8 55. Qd7+ Kg8 56. Ke5 Rf7 57. Qd5 Kg7 58. Ke6 Kg8 59. Ke5 Kg7 60. Qe6 Rf8 61. Kd4 Rf7 62. Ke3 Rf6 63. Qe7+ Rf7 64. Qe5+ Kh7 65. Kf2 Rb7 66. Qd5 Rb8 67. Qc6 Kh6 68. Qd6 Rb7 69. Qf8+ Rg7 70. Qb8 Re7 71. Kg2 Rd7 72. Kh3 Re7 73. Kh4 Rf7 74. Qd8 Rg7 75. Qe8 Rh7 76. Kh3 Rb7 77. Qh8+ Rh7 78. Qb8 Rd7 79. Kg2 Re7 80. Kf2 Kg7 81. Qc8 Rf7 82. Ke3 Rf8 83. Qc3+ Kg8 84. Kd4 Kg7 85. Kd5+ Rf6 86. Ke5 Rf7 87. Kd6+ Kg8 88. Ke6 Rf8 89. Qd3 Kg7 90. Qd4+ Kg8 91. Qd5 Kh7 92. Ke7 Rg8 93. h3 Rg7+ 94. Kf6 Rc7 95. Qd8 Rb7 96. Qc8 Ra7 97. Qb8 Rd7 98. h4 Rg7 99. Qe8 Bc2 100. Qxb5 Be4 101. Qe8 Bf3 102. Qf8 Rb7 103. Kg5 Rg7 104. b5 Be4 105. Qe8 Bf3 106. Kf6 Be4 107. Ke6 Rb7 108. Kd6 Rg7 109. Qd8 Rb7 110. Kc5 Kg7 111. Qe8 Kh7 112. Qc8 Kg7 113. Qd8 Kh7 114. Kd6 Kg7 115. b6 Rf7 116. Qc8 Rb7 117. Qd8 Rf7 118. Ke6 Rb7 119. Ke5 Rf7 120. Ke6 Rb7 121. Qf6+ Kh7 122. Ke5 Rd7 123. Qe6 Rb7 124. Kf6 Rg7 125. Kg5 Bf3 126. Kf6 Be4 127. Qd6 Rb7 128. Ke6 Rg7 129. Qe5 Bb7 130. Qb8 Be4 131. Kd6 Rf7 132. Qe8 Kg7 133. Qc8 Kh7 134. Qc7 Kg7 135. Qc3+ Kh7 136. Qa5 Kg7 137. Qe5+ Kh7 138. Qc3 Kg8 139. Qc8+ Kg7 140. Kc5 Re7 141. Kb5 Rf7 142. Qc3+ Kg8 143. Qd4 Bb7 144. Kc5 Be4 145. Kd6 Kh7 146. Qc4 Kg7 147. Qc7 Kg8 148. Qd8+ Kg7 149. Ke6 Rb7 150. Qe8 Rxb6+ 151. Ke5 Rb7 1/2-1/2

[Event "CHN-ch sf"]
[Site "Hefei"]
[Date "2023.04.24"]
[Round "4"]
[White "Jiang, Haochen"]
[Black "Fan, Jingyi"]
[Result "1/2-1/2"]
[WhiteElo "1523"]
[BlackElo "1886"]
[PlyCount "36"]
[EventDate "2023.04.23"]
[EventType "swiss"]
[EventRounds "11"]
[EventCountry "CHN"]
[SourceTitle "CBM 214 Extra"]
[Source "ChessBase"]
[SourceDate "2023.07.31"]
[SourceVersion "1"]
[SourceVersionDate "2023.07.31"]
[SourceQuality "1"]

1. e4 c5 2. Nf3 Nc6 3. Bb5 e6 4. 0-0 Nge7 5. Re1 d5 6. exd5 Nxd5 7. d4 cxd4 8. Nxd4 Bd7 9. Bc4 Nxd4 10. Qxd4 Bc6 11. Bb3 Qf6 12. Qxf6 gxf6 13. a3 f5 14. c4 Nf6 15. Nc3 Rg8 16. g3 Ne4 17. Nxe4 Bxe4 18. Ba4+ Ke7 1/2-1/2

[Event "China zt 3.5"]
[Site "Shenzhen"]
[Date "2023.04.10"]
[Round "6"]
[White "Shao, Wenbin"]
[Black "Jiang, Haochen"]
[Result "1/2-1/2"]
[WhiteElo "2236"]
[BlackElo "1523"]
[PlyCount "124"]
[EventDate "2023.04.05"]
[EventType "swiss"]
[EventRounds "9"]
[EventCountry "CHN"]
[SourceTitle "CBM 213 Extra"]
[Source "ChessBase"]
[SourceDate "2023.05.31"]
[SourceVersion "1"]
[SourceVersionDate "2023.05.31"]
[SourceQuality "1"]

1. d4 Nf6 2. Nf3 d5 3. Bf4 c6 4. e3 Bf5 5. c4 e6 6. Nc3 Nbd7 7. Qb3 Qb6 8. c5 Qxb3 9. axb3 a6 10. b4 Rc8 11. h3 Be7 12. Nd2 0-0 13. Nb3 Bd8 14. Bd6 Re8 15. f3 e5 16. Kd2 exd4 17. exd4 Nf8 18. g4 Bd7 19. h4 Ne6 20. Bd3 Bc7 21. Bxc7 Rxc7 22. Ne2 Bc8 23. Bf5 Rce7 24. Rae1 g6 25. Bxe6 Rxe6 26. Nf4 Rxe1 27. Rxe1 Rxe1 28. Kxe1 Ne8 29. Kd2 Kg7 30. Ne2 Nc7 31. Nc3 Ne6 32. Na4 Nd8 33. Ke3 f6 34. Nb6 Be6 35. g5 h6 36. f4 Bg4 37. Na5 Bf5 38. Na8 Be6 39. Nc7 Bd7 40. Kf3 hxg5 41. fxg5 Kf7 42. Kf4 Kg7 43. Nb3 Kf7 44. Nd2 Kg7 45. Nf3 Kf7 46. gxf6 Kxf6 47. Ne5 Ne6+ 48. Nxe6 Bxe6 49. Nf3 Bf5 50. Nd2 Bc2 51. Nf1 Bd3 52. Ne3 Be2 53. Nc2 Bd3 54. Ne3 Be2 55. b3 Bh5 56. Nf1 Be2 57. Ng3 Bd1 58. Nh1 Bh5 59. Nf2 Be2 60. Nh3 Bd1 61. Nf2 Be2 62. Ke3 Bh5 1/2-1/2

[Event "CHN-chT"]
[Site "Nanjing"]
[Date "2023.02.19"]
[Round "6.2"]
[White "Jiang, Haochen"]
[Black "Chen, Yuan1111"]
[Result "0-1"]
[WhiteElo "1389"]
[BlackElo "2180"]
[PlyCount "40"]
[EventDate "2023.02.14"]
[EventType "team-swiss"]
[EventRounds "9"]
[EventCountry "CHN"]
[SourceTitle "CBM 212 Extra"]
[Source "ChessBase"]
[SourceDate "2023.03.31"]
[SourceVersion "1"]
[SourceVersionDate "2023.03.31"]
[SourceQuality "1"]
[WhiteTeam "Shenzhen"]
[BlackTeam "Zhejiang"]
[WhiteTeamCountry "CHN"]
[BlackTeamCountry "CHN"]

1. e4 c5 2. Nf3 e6 3. d4 cxd4 4. Nxd4 Nf6 5. Nc3 Nc6 6. Nxc6 bxc6 7. e5 Nd5 8. Ne4 Qc7 9. f4 Rb8 10. c4 Bb4+ 11. Ke2 0-0 12. Kf3 f6 13. cxd5 cxd5 14. Nf2 fxe5 15. g3 Bd6 16. Kg2 exf4 17. Be2 Bb7 18. Bf3 fxg3 19. hxg3 Rxf3 20. Kxf3 Rf8+ 0-1